000 01251nam a22002297a 4500
999 _c57569
_d57569
003 Ge_BSU
005 20200803125925.0
008 200803s2015 ge ||||| |||| 00| 0 geo d
020 _a9789941936265
041 _ageo
080 _a341.8 ხ-96
100 _aხუცურაული, ი. (ირაკლი)
_99098
245 _aსაკონსულო სამართალი :
_bსაკონსულო ფუნქციები, შეღავათები, პრივილეგიები და იმუნიტეტები : (კომენტარები) /
_cირაკლი ხუცურაული ; რედ. ელენე ლეჟავა.
250 _aმე-2 გადამუშავებული გამოცემა
264 _aთბილისი :
_bბონა კაუზა,
_c2015.
300 _a130 გვ. ;
_b20 სმ.
490 _aიურისტის ბიბლიოთეკა
504 _aბიბლიოგრ. ტექსტის შენიშვნებში.
653 _aსაკონსულო სამართალი
700 _aლეჟავა, ე.
_eრედაქტორი
_99099
942 _2udc
_cBK